LEADER 02164nam a2200313 i 4500 001 000000361321 003 CaOOAMICUS 005 20250206094711.0 008 250114s2024 it u000 u mul u 020 $a978-88-922438-8-0 040 $aSeMil$bita 245 00$a1-2 Samuele :$bebraico, greco, latino, italiano : testo ebraico della Biblia Hebraica Stuttgartensia, traduzione interlineare italiana di Stefano Mazzoni, testo greco dei Settanta a cura di Rahlfs-Hanhart, testo latino della Vulgata Sisto-Clementina, testo italiano della Nuovissima Versione della Bibbia /$ca cura di Stefano Mazzoni. 264 1$aCinisello Balsamo :$bSan Paolo,$c2021. 300 $aXVIII, 527 p. ;$c25 cm 490 1 $aBibbia ebraica interlineare ;$v8 500 $aIn testa al front.: Titolo in caratteri ebraici 500 $aTesto ebraico interlineato in rosso a fronte 500 $aIn calce alle pagine dispari analisi grammaticale di tutte le forme verbali presenti; in calce alle pagine pari rimando a passi paralleli, note per un primo confronto critico tra le 4 versioni 650 4$aBibbia - AT - Samuele - Analisi narrativa e linguistica.$0(OLS)http://semarc/subject/51562 700 1 $aMazzoni, Stefano,$d<1972- >.$0(OLS)http://semarc/name/83013 730 02$aBibbia. Antico Testamento. Samuele 1.$0(OLS)http://semarc/title/452003 730 02$aBibbia. Antico Testamento. Samuele 2.$0(OLS)http://semarc/title/452004 830 0$aBibbia ebraica interlineare ;$v8.$0(OLS)http://semarc/title/2330 850 $aSeMil 852 $aSeMil$W1$xVenegono$y1$m2XA Z 8$j253788$B252292$CSeMilBibl$Z2$F252292 $81 996 $6020$a978-88-922438-8-0$9(OLS)http://semarc/number/302212 996 $6245$a1-2 Samuele :$bebraico, greco, latino, italiano : testo ebraico della Biblia Hebraica Stuttgartensia, traduzione interlineare italiana di Stefano Mazzoni, testo greco dei Settanta a cura di Rahlfs-Hanhart, testo latino della Vulgata Sisto-Clementina, testo italiano della Nuovissima Versione della Bibbia$9(OLS)http://semarc/title/452002 996 $6264$aCinisello Balsamo :$bSan Paolo$9(OLS)http://semarc/publisher/30129 LEADER 02046nam a2200337 i 4500 001 000000334664 003 CaOOAMICUS 005 20260203115121.0 008 190705s2018 it a u000 u ita u 040 $aSeMil$bita 100 0 $aPaulus VI,$c.$0(OLS)http://semarc/name/803 245 10$aCarteggio, 1924-1933 /$cGiovanni Battista Montini, Paolo 6. ; a cura di Xenio Toscani ... [et al.] ; con la collaborazione di Caterina Vianelli ... [et al.]. 264 1$aBrescia :$bIstituto Paolo 6. ;$aRoma :$bStudium,$c2018- 300 $av. ;$c25 cm. 650 4$aPaolo VI - Lettere e carteggi.$0(OLS)http://semarc/subject/4506 700 1 $aVianelli, Caterina.$0(OLS)http://semarc/name/12781 700 1 $aToscani, Xenio,$d<1941- >.$0(OLS)http://semarc/name/3785 773 0 $aPaulus VI $tOpera omnia di G. B Montini-Paolo 6.$dBrescia : Istituto Paolo 6. ; Roma : Studium, 2012-$w()28019 774 0 $aPaulus VI $t1: 1924-1925.$dBrescia : Istituto Paolo 6. ; Roma : Studium, 2012.$z978-88-382-4677-7$w()334666 774 0 $aPaulus VI $t2: 1926-1927.$dBrescia : Istituto Paolo 6. ; Roma : Studium, 2021.$z978-88-382-4982-2$w()345563 774 0 $aPaulus VI $t3: 1928-1929.$dBrescia : Istituto Paolo 6. ; Roma : Studium, 2022.$z978-88-382-5131-3$w()352772 774 0 $aPaulus VI $t4: 1930.$dBrescia : Istituto Paolo 6. ; Roma : Studium, 2024.$z978-88-382-5302-7$w()360519 774 0 $aPaulus VI $t5: 1931.$dBrescia : Istituto Paolo 6. ; Roma : Studium, 2025.$z978-88-382-5550-2$w()366238 900 1 $aMontini, Giovanni Battista,$d<1897-1978>. 900 0 $aPaolo VI$c. 996 $6245$aCarteggio, 1924-1933$9(OLS)http://semarc/title/424320 996 $6264$aBrescia :$bIstituto Paolo 6.$9(OLS)http://semarc/publisher/29616 996 $6264$aRoma :$bStudium$9(OLS)http://semarc/publisher/29617